<?xml version="1.0" encoding="UTF-8"?><?xml-stylesheet type="text/xsl" href="static/style.xsl"?><OAI-PMH xmlns="http://www.openarchives.org/OAI/2.0/" xmlns:xsi="http://www.w3.org/2001/XMLSchema-instance" xsi:schemaLocation="http://www.openarchives.org/OAI/2.0/ http://www.openarchives.org/OAI/2.0/OAI-PMH.xsd"><responseDate>2026-04-17T19:02:49Z</responseDate><request verb="GetRecord" identifier="oai:riubu.ubu.es:10259/10386" metadataPrefix="marc">https://riubu.ubu.es/oai/request</request><GetRecord><record><header><identifier>oai:riubu.ubu.es:10259/10386</identifier><datestamp>2025-03-28T01:05:24Z</datestamp><setSpec>com_10259_5623</setSpec><setSpec>com_10259_2684</setSpec><setSpec>col_10259_10385</setSpec></header><metadata><record xmlns="http://www.loc.gov/MARC21/slim" xmlns:doc="http://www.lyncode.com/xoai" xmlns:xsi="http://www.w3.org/2001/XMLSchema-instance" xmlns:dcterms="http://purl.org/dc/terms/" xsi:schemaLocation="http://www.loc.gov/MARC21/slim http://www.loc.gov/standards/marcxml/schema/MARC21slim.xsd">
<leader>00925njm 22002777a 4500</leader>
<datafield tag="042" ind1=" " ind2=" ">
<subfield code="a">dc</subfield>
</datafield>
<datafield tag="720" ind1=" " ind2=" ">
<subfield code="a">Mercado Val, Elvira</subfield>
<subfield code="e">author</subfield>
</datafield>
<datafield tag="720" ind1=" " ind2=" ">
<subfield code="a">Macías Morón, Juan José</subfield>
<subfield code="e">author</subfield>
</datafield>
<datafield tag="720" ind1=" " ind2=" ">
<subfield code="a">García Varona, Icíar</subfield>
<subfield code="e">author</subfield>
</datafield>
<datafield tag="260" ind1=" " ind2=" ">
<subfield code="c">2025</subfield>
</datafield>
<datafield tag="520" ind1=" " ind2=" ">
<subfield code="a">Las víctimas del maltrato infantil y de las experiencias adversas de la infancia son aquel grupo de la población conformado por niños, niñas y, en definitiva, menores de 18 años, que sufren ocasional o habitualmente actos de violencia física, sexual o emocional ya sea en el grupo familiar o en las instituciones sociales. Aunque las estrategias para atenderlo y prevenirlo han aumentado, éstas siguen siendo insuficientes. Por otro lado, y siguiendo esta estrategia de intervención, cada vez hay un mayor interés en conocer el sustrato neurobiológico y las posibles consecuencias neurobiológicas que puedan emerger por haber sufrido maltrato infantil, y sobre todo en aquellas etapas del neurodesarrollo, donde el SNC comienza con el desarrollo de las funciones cognitivas que formarán al adulto posteriormente.</subfield>
</datafield>
<datafield tag="024" ind2=" " ind1="8">
<subfield code="a">http://hdl.handle.net/10259/10386</subfield>
</datafield>
<datafield tag="245" ind1="0" ind2="0">
<subfield code="a">El maltrato infantil: una perspectiva neurobiológica y neuropsicológica</subfield>
</datafield>
</record></metadata></record></GetRecord></OAI-PMH>